000 00455nam a2200181Ia 4500
005 20250613104349.0
008 191130s9999##################000#0#eng##
020 _a9780755349586
_qpbk
041 _aeng
082 _a823.92 FOX
100 _aFox, Jessica
245 _aEastern promise
_cJessica Fox
250 _a1st ed
260 _aLondon
_bHealine publication
_c2009
300 _a311 p. ; 18 cm
650 _aEnglish fiction
942 _cENGLISH
999 _c155259
_d155259